Miss Venezuela Winners (2008-2025) - Statistics

General Stats
  • This quiz has been taken 14 times
  • The average score is 10 of 18
Answer Stats
Hint Answer % Correct
2008 Dayana Mendoza WINNER
100%
2022 Amanda Dudamel 1st Runner-Up
70%
2013 Gabriela Isler WINNER
70%
2016 Mariam Habach (El Tocuyo Award)
70%
2009 Stefanía Fernández WINNER
70%
2023 Diana Carolina Silva Top 10
60%
2012 Irene Esser 2nd Runner-Up
60%
2024 Ileana Márquez Top 5
50%
2010 Marelisa Gibson
50%
2015 Mariana Jimenez TOP 10
50%
2014 Migbelis Castellanos TOP 10
50%
2019 Thalia Olvino Top 20
50%
2011 Vanessa Gonçalves TOP 16
50%
2017 Keysi Sayago Top 5
40%
2021 Luiseth Materán Top 16
40%
2020 Mariángel Villasmil
40%
2025 Stephany Abasali
40%
2018 Sthefany Gutiérrez 2nd Runner-Up
40%
No matching quizzes found
Score Distribution
Percent of People with Each Score
Percentile by Number Answered
Your Score History
You have not taken this quiz